000 00374pab a2200121 454500
008 180718b xxu||||| |||| 00| 0 eng d
100 _aVos, Susan De
245 _aChange in extended family living among elderly people in South Korea, 1970-80
650 _aOld Age - Korea, South
700 _aLee, Yean-Ju
773 _aEconomic Development and Cultural Change
909 _a23824
999 _c23824
_d23824